Membros do Enhypen - Statistics

Estatísticas Gerais
  • Esse quiz foi jogado 22 vezes
  • A pontuação média é 6 de 7
Estatísticas das Respostas
Resposta % Correto
Jake
100%
Jay
100%
Niki
95%
Heeseung
90%
Sunghoon
90%
Jungwon
85%
Sunoo
85%
Nenhum quiz correspondente encontrado
Distribuição das Pontuações
Porcentagem de Pessoas com Cada Pontuação
Percentil de Números Respondidos
Sua Pontuação Histórica
Você não jogou esse quiz